[Event "Gaprindashvili Cup Open II Stage 2020"]
[Site "Online"]
[Date "2020.11.08"]
[Round "6.10"]
[White "kiladze, Luka"]
[Black "Adamia, Jaba"]
[Result "0-1"]
[WhiteElo "1786"]
[BlackElo "1899"]
[Annotator "NA RC"]
[PlyCount "48"]
[EventDate "2020.11.04"]
[EventType "swiss"]
[SourceTitle "playchess.com"]
[Source "ChessBase"]
[SourceQuality "1"]
[TimeControl "1500+5"]

1. d4 {[%emt 0:00:09]} Nf6 {[%emt 0:00:03]} 2. c4 {[%emt 0:00:05]} e6 {[%emt 0:00:02]} 3. Nf3 {[%emt 0:00:01]} b6 {[%emt 0:00:03]} 4. a3 {[%emt 0:00:01]} Bb7 {[%emt 0:00:11]} 5. Nc3 {[%emt 0:00:02]} Be7 {[%emt 0:00:07]} 6. d5 {[%emt 0:00:02]} d6 {[%emt 0:00:02]} 7. e4 {[%emt 0:00:02]} O-O {[%emt 0:00:02]} 8. Bd3 {[%emt 0:00:02]} exd5 {[%emt 0:00:02]} 9. cxd5 {[%emt 0:00:02]} c6 {[%emt 0:00:05]} 10. dxc6 {[%emt 0:00:06]} Nxc6 {[%emt 0:00:05]} 11. O-O {[%emt 0:00:02]} Ne5 {[%emt 0:02:30]} 12. Bc2 {[%emt 0:01:26]} Rc8 {[%emt 0:00:39]} 13. Bf4 {[%emt 0:00:40]} Nc4 {[%emt 0:01:29]} 14. Qb1 {[%emt 0:01:04]} Nh5 {[%emt 0:02:02]} 15. Bc1 {[%emt 0:01:20]} Ne5 {[%emt 0:00:20]} 16. Nxe5 {[%emt 0:02:15]} dxe5 {[%emt 0:00:06]} 17. Rd1 {[%emt 0:00:02]} Qc7 {[%emt 0:00:24]} 18. Bb3 {[%emt 0:00:13]} Nf6 {[%emt 0:01:13]} 19. f3 {[%emt 0:01:49]} Rfd8 {[%emt 0:00:46]} 20. Bg5 {[%emt 0:00:22]} Qc5+ {[%emt 0:03:11]} 21. Kh1 {[%emt 0:00:14]} Bxe4 {[%emt 0:00:22]} 22. Nxe4 {[%emt 0:02:14]} Nxe4 {[%emt 0:00:11]} 23. Qxe4 {[%emt 0:00:02]} Bxg5 {[%emt 0:00:03]} 24. Rd7 {[%emt 0:02:22]} Rxd7 {[%emt 0:00:57]} 0-1

[Event "Gaprindashvili Cup Open II Stage 2020"]
[Site "Online"]
[Date "2020.11.08"]
[Round "6.11"]
[White "Morchiashvili, Bachana"]
[Black "Tsanatsqenishvili, Giorgi"]
[Result "1-0"]
[WhiteElo "2313"]
[BlackElo "1631"]
[Annotator "TA"]
[PlyCount "57"]
[EventDate "2020.11.04"]
[EventType "swiss"]
[SourceTitle "playchess.com"]
[Source "ChessBase"]
[SourceQuality "1"]

{[%evp 21,57,49,48,34,39,42,59,51,60,60,58,35,66,72,176,185,195,191,168,166,363,378,366,375,362,359,519,507,547,522,570,553,580,602,1000,967,896,882]} 1. d4 Nf6 2. Nf3 g6 3. c4 Bg7 4. Nc3 O-O 5. e4 d6 6. Be2 Bg4 7. Be3 Nfd7 8. Ng1 Bxe2 9. Ngxe2 Nc6 10. O-O e5 11. d5 Ne7 12. Rc1 {E91: King's Indian: Classical: 6 Be2, unusual replies including 6...c5 and 6...Bg4.} f5 13. f3 {[#]} a5 $146 ({Predecessor:} 13... Nf6 14. Qd3 b6 15. b4 a5 16. a3 axb4 17. axb4 Qd7 18. Ra1 Kh8 19. c5 bxc5 20. bxc5 {1-0 (47) Koutsin,S (2400)-Troyke,C (2400) Passau 1998}) 14. a3 {White is slightly better.} f4 15. Bf2 g5 16. b4 h5 17. c5 Ng6 (17... axb4 $16 18. axb4 Nf6) 18. cxd6 cxd6 19. Nb5 axb4 20. axb4 Rf7 $2 (20... Qf6 {keeps fighting.} 21. Rc7 {[%mdl 64] Double Attack} Rfd8) 21. Nxd6 $18 {[%mdl 64] [#] Double Attack} Rf6 22. Nxb7 Qb8 23. Nc5 Nxc5 (23... Ngf8 $142 24. Nc3 Rg6) 24. bxc5 {White is clearly winning.} g4 25. c6 {[%cal Bc5c6,Bc6c7][%mdl 32]} Qc7 26. Qb3 Kh7 27. Qb7 Qd8 28. c7 Qc8 {[#]} 29. Qxa8 $1 {[%mdl 576] Remove Defender, Promotion. White took control after the opening. Av CentiPawn Loss W=-5/B=-54. Weighted=-5/-81} 1-0

[Event "Gaprindashvili Cup Open II Stage 2020"]
[Site "Online"]
[Date "2020.11.08"]
[Round "6.12"]
[White "Liponava, Zurab"]
[Black "Kekelidze, Mikheil"]
[Result "0-1"]
[WhiteElo "1800"]
[BlackElo "2388"]
[Annotator "TA"]
[PlyCount "72"]
[EventDate "2020.11.04"]
[EventType "swiss"]
[SourceTitle "playchess.com"]
[Source "ChessBase"]
[SourceQuality "1"]

{[%evp 18,72,-2,-28,-19,-40,-42,-41,-39,-55,-56,-63,-45,-49,-41,-81,-81,-79,-86,-77,-81,-152,-66,-141,-47,-19,-39,-98,-97,-127,-112,-156,-166,-228,-232,-301,-247,-327,-340,-370,-299,-292,-298,-466,-448,-426,-436,-463,-459,-495,-352,-975,-970,-1497,-1476,-1345,-1132]} 1. e4 c5 2. Nf3 e6 3. d4 cxd4 4. Nxd4 a6 5. Nc3 Qc7 6. Be2 b5 7. O-O Bb7 8. a3 Nf6 9. Bf3 d6 10. Re1 (10. Bh5 $5 {[%cal Rd4e6]} g6 11. Bf3 $11) 10... Nbd7 {B43: Sicilian: Kan Variation: 5 Nc3.} 11. g3 Be7 12. Bg2 O-O {Black is slightly better.} 13. h3 Rac8 {[#]} 14. g4 $146 ({Predecessor:} 14. Kh2 Rfd8 15. Be3 Ne5 16. f4 Nc4 17. Bc1 Bf8 18. Qd3 g6 19. Nce2 e5 20. Nb3 {½-½ (51) Rudolph,K-Chudinovskih,A (2325) San Bernardino 1992}) 14... Nb6 15. g5 Nfd7 16. f4 Rfe8 17. f5 Bf8 18. fxe6 fxe6 19. h4 ({Better is} 19. Qg4) 19... Ne5 (19... d5 $17 {aiming for ...Bc5.} 20. exd5 Nxd5 21. Nxd5 Bxd5 22. Bxd5 exd5) 20. Bh3 {[#]} (20. h5 $15) 20... Qd7 (20... d5 $1 $17 {Hoping for ...Bc5.} 21. Bxe6+ Rxe6 22. Nxe6 Qf7) 21. Bf4 $15 Nc6 22. Nxc6 (22. Nce2 $15) 22... Qxc6 $17 23. g6 Nc4 $36 {[%mdl 2048] Black is really pushing.} 24. gxh7+ Kh8 25. Bc1 (25. Qh5 {keeps fighting.} Nxb2 26. Re3) 25... Be7 26. h5 Bf6 27. h6 gxh6 28. Qh5 Qc5+ 29. Qxc5 Rxc5 30. Nd1 (30. Bf1 $142) 30... Kxh7 $19 31. c3 Rh5 32. Bg2 Rg8 33. Nf2 Ne5 {Threatens to win with ...Nf3+.} 34. Kf1 $2 (34. Re2) 34... Rh2 {Black is clearly winning.} 35. Bh3 {[#]} Bh4 $1 {[%csl Gh4][%cal Rh2f2]} 36. Be3 Bxf2 {Av CentiPawn Loss W=-68/B=-26. Weighted=-95/-20} 0-1

[Event "Gaprindashvili Cup Open II Stage 2020"]
[Site "Online"]
[Date "2020.11.08"]
[Round "6.13"]
[White "Patsia, Zviad"]
[Black "Elashvili, Giorgi"]
[Result "1-0"]
[WhiteElo "2204"]
[BlackElo "1857"]
[Annotator "TA"]
[PlyCount "73"]
[EventDate "2020.11.04"]
[EventType "swiss"]
[SourceTitle "playchess.com"]
[Source "ChessBase"]
[SourceQuality "1"]

{[%evp 15,73,0,0,0,0,-91,-81,-111,-98,-99,-111,-144,-144,-142,-43,-67,-19,-24,5,0,37,-113,-94,-156,58,50,44,39,54,58,41,12,52,67,134,101,92,85,193,199,216,214,183,130,168,146,146,123,122,52,141,122,477,348,885,829,1204,1184,1072,1043]} 1. e4 e6 2. d4 d5 3. Nc3 Nf6 4. e5 Nfd7 5. f4 c5 6. Nf3 Nc6 7. Be3 cxd4 8. Nxd4 Qb6 9. Na4 {C11: French: Classical System: 4 e5 and 4 Bg5 dxe4.} Qa5+ 10. c3 (10. Nc3 $1 $11 {keeps the balance.}) 10... Nxd4 $17 {[%mdl 64] Pin} 11. b4 {[#]Black is better.} Bxb4 $1 12. Bxd4 (12. cxb4 Qxb4+) 12... Be7 13. Bd3 b5 14. Nb2 {[#]} Nb6 $146 (14... Bc5 $17 {White must now prevent ...Bxd4.} 15. Qd2 b4) ({Predecessor:} 14... b4 15. Qa4 Qxa4 16. Nxa4 bxc3 17. Nxc3 Bc5 18. Bxc5 Nxc5 19. Bb5+ Bd7 20. Ke2 a6 21. Bxd7+ Nxd7 {½-½ (51) Kozyakov,A (1733)-Kaliaskarova,A (1451) St Petersburg 2018}) 15. O-O $15 Nc4 16. Qe2 Ba3 17. Nd1 $1 g6 18. f5 (18. Ne3 $14 {stays ahead.}) 18... gxf5 $17 19. Bxf5 ({White should play} 19. Ne3) 19... Bd7 $2 (19... exf5 $17 20. e6 Rf8 21. exf7+ Kd8) 20. Bg4 $14 Rf8 21. Ne3 O-O-O 22. Nxc4 bxc4 23. Rab1 {Threatens to win with Qe3.} Kc7 24. Qe3 Ra8 (24... Rb8 $14) 25. Bh5 Be8 26. Kh1 Rb8 (26... Kc8 $16 {keeps fighting.}) 27. Bxa7 $18 Rb5 28. Rxb5 Qxb5 29. Qh6 (29. Qg1 $18) 29... Qb2 {[#]} 30. Bd4 $1 Qc2 31. h3 Rg8 {[%csl Gg8][%cal Rc2g2]} 32. Bf3 (32. Bg4 $16) 32... Qg6 (32... Qd3 $1 $14 33. Kg1 Qc2) 33. Qh4 Rg7 $2 {[%mdl 8192]} (33... Qc2 $16) 34. Qf2 Ba4 $2 (34... Qg3 35. Bb6+ Kc8) 35. Ba7 {White is clearly winning.} Bc6 36. Qb6+ Kd7 37. Bb8 {White used his chance. Av CentiPawn Loss W=-30/B=-68. Weighted=-32/-116} 1-0

[Event "Gaprindashvili Cup Open II Stage 2020"]
[Site "Online"]
[Date "2020.11.08"]
[Round "6.14"]
[White "Qalichava, Akaki"]
[Black "Safarov, Deniel"]
[Result "1/2-1/2"]
[WhiteElo "1877"]
[BlackElo "1720"]
[Annotator "NA RC"]
[PlyCount "42"]
[EventDate "2020.11.04"]
[EventType "swiss"]
[SourceTitle "playchess.com"]
[Source "ChessBase"]
[SourceQuality "1"]
[TimeControl "1500+5"]

1. e4 {[%emt 0:00:05]} c5 {[%emt 0:00:02]} 2. Nf3 {[%emt 0:00:02]} d6 {[%emt 0:00:02]} 3. d4 {[%emt 0:00:03]} cxd4 {[%emt 0:00:01]} 4. Nxd4 {[%emt 0:00:01]} Nf6 {[%emt 0:00:01]} 5. Nc3 {[%emt 0:00:03]} Nc6 {[%emt 0:00:02]} 6. Bg5 {[%emt 0:00:04]} e6 {[%emt 0:00:01]} 7. Qd2 {[%emt 0:00:04]} a6 {[%emt 0:00:02]} 8. f3 {[%emt 0:00:03]} h6 {[%emt 0:00:06]} 9. Be3 {[%emt 0:00:04]} Bd7 {[%emt 0:00:04]} 10. O-O-O {[%emt 0:00:02]} Qc7 {[%emt 0:00:10]} 11. Kb1 {[%emt 0:00:10]} Ne5 {[%emt 0:00:07]} 12. g4 {[%emt 0:00:21]} b5 {[%emt 0:00:15]} 13. Bd3 {[%emt 0:00:12]} b4 {[%emt 0:00:30]} 14. Nce2 {[%emt 0:00:03]} d5 {[%emt 0:00:01]} 15. exd5 {[%emt 0:00:16]} Nxd5 {[%emt 0:00:17]} 16. Bf2 {[%emt 0:00:51]} Rb8 {[%emt 0:01:07]} 17. Ka1 {[%emt 0:00:40]} Bd6 {[%emt 0:00:42]} 18. Be4 {[%emt 0:04:44]} Nc4 {[%emt 0:02:06]} 19. Qd3 {[%emt 0:00:50]} Ne5 {[%emt 0:01:45]} 20. Qd2 {[%emt 0:00:19]} Nc4 {[%emt 0:00:08]} 21. Qd3 {[%emt 0:00:41]} Ne5 {[%emt 0:00:06]} 1/2-1/2

[Event "Gaprindashvili Cup Open II Stage 2020"]
[Site "Online"]
[Date "2020.11.08"]
[Round "6.15"]
[White "Tsereteli, Tornike"]
[Black "Didmanidze, Tengiz"]
[Result "0-1"]
[WhiteElo "1765"]
[BlackElo "1922"]
[Annotator "TA"]
[PlyCount "66"]
[EventDate "2020.11.04"]
[EventType "swiss"]
[SourceTitle "playchess.com"]
[Source "ChessBase"]
[SourceQuality "1"]

{[%evp 26,66,0,-8,0,-5,0,0,-5,-7,-2,-8,0,-7,7,0,15,-33,-18,-41,-10,-45,-35,-62,-52,-64,-93,-106,-103,-119,-122,-125,-101,-116,-70,-84,-60,-135,-140,-157,-151,-5297,-4898]} 1. e4 c5 2. c3 d5 3. exd5 Qxd5 4. d4 Nf6 5. Nf3 Bg4 6. Be2 e6 7. h3 Bh5 8. O-O Nc6 9. Be3 cxd4 10. cxd4 Be7 11. Nc3 Qa5 12. a3 O-O 13. b4 {The main line 13.b4 scores better than 13.Qb3.} Qd8 14. Qb3 Bxf3 {B22: Sicilian: 2 c3.} 15. Bxf3 Nxd4 16. Bxd4 Qxd4 {The position is equal.} 17. Bxb7 {And now Rfd1 would win.} Rab8 18. Rad1 Qf4 19. g3 Qf5 20. Bg2 h5 {[#]} 21. Qb1 $146 ({Predecessor:} 21. Qa4 Qe5 22. Rd3 Rfd8 23. Re3 Qc7 24. Qc6 Qxc6 25. Bxc6 Rbc8 26. Bf3 Rd2 27. Rd1 {½-½ (39) Deviatkin,A (2416)-Amonatov,F (2353) Moscow 2002}) 21... Qe5 22. Ne4 Nd5 23. Qd3 h4 24. Nc5 Bxc5 25. bxc5 hxg3 26. fxg3 {[%cal Rg2d5]} Nc3 27. Rde1 Qxc5+ {[%mdl 64] [#] Double Attack} 28. Kh2 {With the idea Rc1.} Nb5 29. a4 Qd4 30. Qc2 Na3 31. Qe2 (31. Qa2 $15 Qb2 32. Rf2 Qxa2 33. Rxa2) 31... Rb2 $17 32. Qf3 Nc4 {...Nd2 is the strong threat.} 33. Rxe6 $2 {[#]} (33. Kh1 $17) 33... Nd2 $1 {[%mdl 576] Double Attack, Discovered Attack. Av CentiPawn Loss W=-70/B=-28. Weighted=-56/-20} 0-1

[Event "Gaprindashvili Cup Open II Stage 2020"]
[Site "Online"]
[Date "2020.11.08"]
[Round "6.16"]
[White "Kachkachishvili, Lasha"]
[Black "Chanturia, Lasha"]
[Result "1-0"]
[WhiteElo "1681"]
[BlackElo "1761"]
[Annotator "NA RC"]
[PlyCount "125"]
[EventDate "2020.11.04"]
[EventType "swiss"]
[SourceTitle "playchess.com"]
[Source "ChessBase"]
[SourceQuality "1"]
[TimeControl "1500+5"]

1. Nf3 {[%emt 0:00:04]} c5 {[%emt 0:00:12]} 2. b3 {[%emt 0:00:04]} e6 {[%emt 0:00:02]} 3. Bb2 {[%emt 0:00:01]} Nf6 {[%emt 0:00:04]} 4. e3 {[%emt 0:00:02]} Qc7 {[%emt 0:00:03]} 5. Be2 {[%emt 0:00:07]} b6 {[%emt 0:00:08]} 6. d4 {[%emt 0:00:05]} Bb7 {[%emt 0:00:04]} 7. dxc5 {[%emt 0:00:03]} Bxc5 {[%emt 0:00:04]} 8. h3 {[%emt 0:00:07]} a6 {[%emt 0:00:03]} 9. O-O {[%emt 0:00:04]} Nc6 {[%emt 0:00:07]} 10. c4 {[%emt 0:00:07]} h5 {[%emt 0:00:06]} 11. Nc3 {[%emt 0:00:14]} Ng4 {[%emt 0:00:21]} 12. Ne4 {[%emt 0:03:21]} f5 {[%emt 0:01:26]} 13. Nxc5 {[%emt 0:00:44]} bxc5 {[%emt 0:00:04]} 14. g3 {[%emt 0:02:56]} h4 {[%emt 0:00:15]} 15. Nxh4 {[%emt 0:03:40]} Rxh4 {[%emt 0:00:06]} 16. hxg4 {[%emt 0:00:47]} Rh7 {[%emt 0:00:56]} 17. Bf3 {[%emt 0:00:38]} fxg4 {[%emt 0:00:06]} 18. Bg2 {[%emt 0:02:00]} O-O-O {[%emt 0:00:06]} 19. Qxg4 {[%emt 0:00:45]} Rdh8 {[%emt 0:00:04]} 20. Be4 {[%emt 0:01:44]} Rh1+ {[%emt 0:01:52]} 21. Kg2 {[%emt 0:01:01]} R1h2+ {[%emt 0:00:04]} 22. Kf3 {[%emt 0:00:30]} Rf8+ {[%emt 0:00:20]} 23. Ke2 {[%emt 0:00:07]} Ne5 {[%emt 0:01:05]} 24. Bxb7+ {[%emt 0:00:43]} Kxb7 {[%emt 0:00:27]} 25. Qxg7 {[%emt 0:00:33]} Rf5 {[%emt 0:00:31]} 26. Bxe5 {[%emt 0:00:41]} Rxe5 {[%emt 0:00:16]} 27. Rad1 {[%emt 0:00:10]} d5 {[%emt 0:01:43]} 28. Qxc7+ {[%emt 0:00:11]} Kxc7 {[%emt 0:00:03]} 29. Rh1 {[%emt 0:00:30]} Rxh1 {[%emt 0:00:05]} 30. Rxh1 {[%emt 0:00:03]} d4 {[%emt 0:00:03]} 31. Rh4 {[%emt 0:00:14]} dxe3 {[%emt 0:00:16]} 32. fxe3 {[%emt 0:00:01]} Rf5 {[%emt 0:00:05]} 33. g4 {[%emt 0:00:06]} Rg5 {[%emt 0:00:07]} 34. Kf3 {[%emt 0:00:03]} Kd6 {[%emt 0:00:04]} 35. Kf4 {[%emt 0:00:03]} Rg8 {[%emt 0:00:02]} 36. g5 {[%emt 0:00:18]} Rf8+ {[%emt 0:00:02]} 37. Ke4 {[%emt 0:00:21]} Rg8 {[%emt 0:00:05]} 38. Rg4 {[%emt 0:00:04]} Rg6 {[%emt 0:00:03]} 39. Rg1 {[%emt 0:00:04]} a5 {[%emt 0:00:08]} 40. a3 {[%emt 0:00:17]} Rg7 {[%emt 0:00:08]} 41. Rd1+ {[%emt 0:00:06]} Ke7 {[%emt 0:00:03]} 42. Kf4 {[%emt 0:00:02]} Rf7+ {[%emt 0:00:02]} 43. Kg4 {[%emt 0:00:13]} Rf2 {[%emt 0:00:03]} 44. Rh1 {[%emt 0:00:13]} Rg2+ {[%emt 0:00:07]} 45. Kf4 {[%emt 0:00:07]} Rb2 {[%emt 0:00:13]} 46. Rh7+ {[%emt 0:00:06]} Kf8 {[%emt 0:00:02]} 47. Ra7 {[%emt 0:00:39]} Rxb3 {[%emt 0:00:08]} 48. Rxa5 {[%emt 0:00:02]} Rc3 {[%emt 0:00:06]} 49. Rxc5 {[%emt 0:00:08]} Rxa3 {[%emt 0:00:02]} 50. e4 {[%emt 0:00:02]} Ke7 {[%emt 0:00:06]} 51. Ke5 {[%emt 0:00:05]} Rg3 {[%emt 0:00:06]} 52. Rc7+ {[%emt 0:00:02]} Kd8 {[%emt 0:00:13]} 53. Rg7 {[%emt 0:00:03]} Rc3 {[%emt 0:00:03]} 54. Kxe6 {[%emt 0:00:10]} Rxc4 {[%emt 0:00:05]} 55. e5 {[%emt 0:00:02]} Rc6+ {[%emt 0:00:04]} 56. Kf5 {[%emt 0:00:04]} Ke8 {[%emt 0:00:04]} 57. g6 {[%emt 0:00:05]} Kf8 {[%emt 0:00:24]} 58. Ra7 {[%emt 0:00:03]} Rb6 {[%emt 0:02:35]} 59. e6 {[%emt 0:00:16]} Rb1 {[%emt 0:00:10]} 60. Rf7+ {[%emt 0:00:05]} Kg8 {[%emt 0:00:15]} 61. e7 {[%emt 0:00:06]} Rb8 {[%emt 0:02:10]} 62. Kg5 {[%emt 0:00:14]} Kh8 {[%emt 0:03:25]} 63. Kh6 {[%emt 0:00:21]} 1-0

[Event "Gaprindashvili Cup Open II Stage 2020"]
[Site "Online"]
[Date "2020.11.08"]
[Round "6.18"]
[White "Tsanatsqenishvili, Alexandre"]
[Black "Kupatadze, Tornike"]
[Result "1/2-1/2"]
[WhiteElo "1702"]
[BlackElo "1657"]
[Annotator "NA RC"]
[PlyCount "91"]
[EventDate "2020.11.04"]
[EventType "swiss"]
[SourceTitle "playchess.com"]
[Source "ChessBase"]
[SourceQuality "1"]
[TimeControl "1500+5"]

1. e4 {[%emt 0:00:02]} g6 {[%emt 0:00:11]} 2. d4 {[%emt 0:00:05]} Bg7 {[%emt 0:00:02]} 3. Nc3 {[%emt 0:00:02]} d6 {[%emt 0:00:02]} 4. g3 {[%emt 0:00:03]} Nc6 {[%emt 0:00:11]} 5. Nge2 {[%emt 0:00:01]} Bg4 {[%emt 0:00:05]} 6. Qd3 {[%emt 0:00:17]} e5 {[%emt 0:01:01]} 7. d5 {[%emt 0:00:37]} Nce7 {[%emt 0:00:07]} 8. f3 {[%emt 0:00:35]} Bd7 {[%emt 0:00:07]} 9. Bg2 {[%emt 0:00:03]} f5 {[%emt 0:00:02]} 10. O-O {[%emt 0:00:03]} Nf6 {[%emt 0:00:02]} 11. Be3 {[%emt 0:00:13]} O-O {[%emt 0:00:23]} 12. Qd2 {[%emt 0:00:30]} Nh5 {[%emt 0:00:24]} 13. exf5 {[%emt 0:00:08]} Nxf5 {[%emt 0:00:09]} 14. Bg5 {[%emt 0:00:04]} Nf6 {[%emt 0:00:12]} 15. f4 {[%emt 0:00:24]} h6 {[%emt 0:01:00]} 16. Bxf6 {[%emt 0:02:01]} Bxf6 {[%emt 0:03:08]} 17. Ne4 {[%emt 0:00:16]} Bg7 {[%emt 0:01:04]} 18. fxe5 {[%emt 0:00:07]} Bxe5 {[%emt 0:00:09]} 19. c3 {[%emt 0:01:24]} Kh7 {[%emt 0:00:25]} 20. Nf4 {[%emt 0:00:14]} Qe7 {[%emt 0:00:24]} 21. Rae1 {[%emt 0:00:22]} Rae8 {[%emt 0:00:17]} 22. Rf2 {[%emt 0:02:42]} Qg7 {[%emt 0:00:32]} 23. Rfe2 {[%emt 0:00:42]} Bb5 {[%emt 0:02:20]} 24. Rf2 {[%emt 0:00:09]} Bd7 {[%emt 0:00:03]} 25. Nd3 {[%emt 0:00:31]} c6 {[%emt 0:00:24]} 26. dxc6 {[%emt 0:01:08]} Bxc6 {[%emt 0:00:04]} 27. Rfe2 {[%emt 0:00:02]} Qc7 {[%emt 0:01:57]} 28. Nb4 {[%emt 0:01:13]} Rd8 {[%emt 0:01:30]} 29. Nd5 {[%emt 0:03:09]} Bxd5 {[%emt 0:00:45]} 30. Qxd5 {[%emt 0:00:03]} Qb6+ {[%emt 0:00:07]} 31. Kh1 {[%emt 0:00:02]} Rde8 {[%emt 0:00:06]} 32. Nf2 {[%emt 0:02:25]} Nxg3+ {[%emt 0:00:52]} 33. hxg3 {[%emt 0:00:05]} Rxf2 {[%emt 0:00:02]} 34. Rxf2 {[%emt 0:00:06]} Qxf2 {[%emt 0:00:01]} 35. Rf1 {[%emt 0:00:04]} Qe2 {[%emt 0:00:37]} 36. Qxb7+ {[%emt 0:02:24]} Bg7 {[%emt 0:00:12]} 37. Rf7 {[%emt 0:03:10]} Qd1+ {[%emt 0:01:30]} 38. Kh2 {[%emt 0:00:06]} Qh5+ {[%emt 0:00:10]} 39. Kg1 {[%emt 0:00:08]} Qc5+ {[%emt 0:00:09]} 40. Kh2 {[%emt 0:00:16]} Qh5+ {[%emt 0:00:05]} 41. Kg1 {[%emt 0:00:12]} Re1+ {[%emt 0:00:26]} 42. Rf1 {[%emt 0:00:09]} Qc5+ {[%emt 0:00:21]} 43. Kh2 {[%emt 0:00:07]} Qh5+ {[%emt 0:00:09]} 44. Kg1 {[%emt 0:00:02]} Qc5+ {[%emt 0:00:36]} 45. Kh2 {[%emt 0:00:04]} Qh5+ {[%emt 0:00:17]} 46. Kg1 {[%emt 0:00:04]} 1/2-1/2

[Event "Gaprindashvili Cup Open II Stage 2020"]
[Site "Online"]
[Date "2020.11.08"]
[Round "7.1"]
[White "Quparadze, Giga"]
[Black "Paichadze, Luka"]
[Result "1/2-1/2"]
[WhiteElo "2463"]
[BlackElo "2565"]
[Annotator "TA"]
[PlyCount "73"]
[EventDate "2020.11.04"]
[EventType "swiss"]
[SourceTitle "playchess.com"]
[Source "ChessBase"]
[SourceQuality "1"]

{[%evp 15,73,20,33,24,27,17,12,19,33,0,6,-12,-4,-10,-10,-10,-11,-9,-11,-19,34,17,26,-2,0,0,-6,-35,0,0,0,0,-4,0,0,-11,-8,-47,-12,-28,-13,-14,0,-29,-30,-66,0,0,0,-69,0,0,0,-63,0,0,0,-73,0,0]} 1. e4 Nc6 2. Nf3 d6 3. d4 Nf6 4. Nc3 g6 5. Bb5 a6 6. Bxc6+ bxc6 7. O-O Bg7 8. h3 O-O 9. Be3 {B00: Queen's Fianchetto Defence, Nimzowitsch Defence.} Rb8 10. Rb1 Nd7 11. Qd2 Re8 {[#]} 12. Ne2 $146 ({Predecessor:} 12. b3 Bb7 13. Bh6 Bh8 14. Ng5 e6 15. f4 f6 16. Nf3 f5 17. Bg5 Qc8 18. Rfe1 fxe4 19. Nxe4 {1-0 (38) Hebden,M (2454)-Macklin,P (2307) Newcastle 2018}) 12... Bb7 13. Ng3 e5 14. Rfe1 exd4 15. Bxd4 Bxd4 16. Qxd4 c5 17. Qd2 Ne5 (17... h5 $11) 18. Nxe5 $14 Rxe5 19. b4 cxb4 20. Rxb4 Bc6 21. Reb1 Reb5 22. a4 Rxb4 23. Rxb4 Rxb4 24. Qxb4 h5 25. Qc4 Qe8 {Threatening ...h4.} 26. h4 Bxa4 27. Qxc7 Qd7 28. Qb6 Qc6 29. Qd8+ Kg7 30. Qg5 {[#] Black must now prevent Nxh5+.} Kf8 (30... Kh7 $1 $15) 31. Qd8+ (31. e5 $11) 31... Kg7 $15 32. Qg5 {Nxh5+ is the strong threat.} Kf8 33. Qd8+ Kg7 34. Qg5 {Strongly threatening Nxh5+.} Kf8 (34... Kh7 $1 $15) 35. Qd8+ (35. e5 $11) 35... Kg7 $17 36. Qg5 {[#] Threatens to win with Nxh5+.} Kf8 (36... Kh7 $1 $17) 37. Qd8+ {Av CentiPawn Loss W=-23/B=-6. Weighted=-27/-9} 1/2-1/2

[Event "Gaprindashvili Cup Open II Stage 2020"]
[Site "Online"]
[Date "2020.11.08"]
[Round "7.2"]
[White "Mchedlishvili, Mikheil"]
[Black "Jojua, Davit"]
[Result "1-0"]
[WhiteElo "2570"]
[BlackElo "2557"]
[Annotator "TA"]
[PlyCount "59"]
[EventDate "2020.11.04"]
[EventType "swiss"]
[SourceTitle "playchess.com"]
[Source "ChessBase"]
[SourceQuality "1"]

{[%evp 14,59,27,16,23,9,27,0,24,24,24,31,32,32,32,37,112,121,126,120,161,157,147,148,138,151,164,152,157,163,144,158,270,264,322,321,367,363,365,321,422,415,401,363,372,360,379,362]} 1. e4 c5 2. Nf3 Nc6 3. d4 cxd4 4. Nxd4 g6 5. Nc3 Bg7 6. Be3 Nf6 7. Bc4 O-O 8. Bb3 Re8 {B35: Sicilian: Accelerated Dragon with 5 Nc3: main line.} 9. f4 $5 {[%mdl 4] And now e5 would win. A promising side line.} d6 10. Qf3 {[#]} Qa5 $146 {The position is equal.} ({Predecessor:} 10... Bd7 11. O-O Nxd4 12. Bxd4 Bc6 13. f5 Rf8 14. Rad1 Nd7 15. Kh1 Bxd4 16. Rxd4 Kg7 {½-½ (43) Grischuk,A (2777)-Dubov,D (2699) chess24.com INT 2020}) 11. O-O Ng4 12. Nxc6 bxc6 13. Bd2 Qh5 {[%csl Gg4][%cal Rh5h2]} 14. h3 Qc5+ ({Better is} 14... Bd4+ $14 15. Kh1 Bd7) 15. Kh1 $16 Nf6 16. Rae1 {[%cal Ba1e1,Be1e6,Be6c6,Bc6c7,Bc7d7][%mdl 32] Strongly threatening e5.} d5 17. e5 $36 {[%mdl 2048] White has strong initiative.} (17. exd5 $6 Ba6 $16) 17... Nd7 {[#]} 18. e6 $1 {[%cal Re6f7]} fxe6 19. Rxe6 Nf6 20. Be3 Qb4 21. Rxc6 e6 22. Rc7 Bd7 {[#]} (22... Qd6 $16 {was called for.} 23. Rxa7 (23. Nb5 Qd8 $16) 23... Rxa7 24. Bxa7 Qa6) 23. Nxd5 $1 $18 {[%mdl 512]} exd5 {[#]} 24. Rxd7 $1 {[%mdl 576] Deflection} Nxd7 25. Bxd5+ {[%mdl 64] Double Attack} Kh8 {aiming for ...Rac8.} 26. Bxa8 Qxb2 27. Bc6 Qa3 {White is winning.} 28. Bg1 ({Less strong is} 28. Bxd7 Rxe3 29. Qa8+ Qf8 $18) 28... Qxf3 29. Rxf3 ({Don't take} 29. gxf3 Re7 $18) 29... Re7 30. Rd3 {Black did not feel at home in the position after the opening. Av CentiPawn Loss W=-5/B=-21. Weighted=-5/-29} 1-0